000 00575nam a2200217Ia 4500
003 OSt
005 20220928144955.0
006 a|||||r|||| 00| 0
007 ta
008 220927b |||||||| |||| 00| 0 eng d
024 _a77637
037 _cTextual
040 _aSDCL
_cSDCL
_beng
041 _2eng
_aeng
082 _aR6:g, L6
100 _aChattopadhyaya Debiprasad
_9465030
245 0 _aWhat is living and what is dead in Indian philosophy.
260 _c1976
942 _hR6:g, L6
_cTEXL
_2CC
999 _c830963
_d830963